[Event "FIDE World Blitz-ch Women 2018"]
[Site "St. Petersburg"]
[Date "2018.12.29"]
[Round "1.23"]
[White "Berend, Elvira"]
[Black "Gvanceladze, Anna"]
[Result "1-0"]
[WhiteElo "2332"]
[BlackElo "2264"]
[Annotator "NA"]
[PlyCount "57"]
[EventDate "2018.12.19"]
[EventType "swiss"]
[EventCountry "RUS"]
[SourceTitle "playchess.com"]
[Source "ChessBase"]
[SourceQuality "1"]

1. d4 d5 2. Nf3 Nf6 3. g3 c6 4. Bg2 Bf5 5. O-O e6 6. b3 h6 7. Bb2 Be7 8. Ne5 Nbd7 9. Nd2 Nxe5 10. dxe5 Nd7 11. e4 Bh7 12. f4 O-O 13. f5 Re8 14. f6 gxf6 15. exf6 Bc5+ 16. Kh1 Kh8 17. Qh5 Be3 18. Qxf7 Rg8 19. Qxe6 Bxd2 20. f7+ Rg7 21. exd5 cxd5 22. Qxd5 Bg5 23. Bxg7+ Kxg7 24. Rad1 Nb6 25. f8=Q+ Qxf8 26. Qxb7+ Kh8 27. Rxf8+ Rxf8 28. Qxa7 Be3 29. Qe7 1-0

[Event "FIDE World Blitz-ch Women 2018"]
[Site "St. Petersburg"]
[Date "2018.12.29"]
[Round "1.24"]
[White "Bogumil, Tatiana"]
[Black "Guichard, Pauline"]
[Result "0-1"]
[WhiteElo "2114"]
[BlackElo "2378"]
[Annotator "NA"]
[PlyCount "32"]
[EventDate "2018.12.19"]
[EventType "swiss"]
[EventCountry "RUS"]
[SourceTitle "playchess.com"]
[Source "ChessBase"]
[SourceQuality "1"]

1. Nf3 Nf6 2. c4 g6 3. b3 Bg7 4. Bb2 O-O 5. g3 d6 6. d4 Nc6 7. Nc3 e5 8. Bg2 Bg4 9. dxe5 dxe5 10. Nd5 Nxd5 11. cxd5 e4 12. Bxg7 exf3 13. Bxf8 fxg2 14. Rg1 Qxf8 15. dxc6 Rd8 16. Qc2 Qb4+ 0-1

[Event "FIDE World Blitz-ch Women 2018"]
[Site "St. Petersburg"]
[Date "2018.12.29"]
[Round "1.25"]
[White "Khademalsharieh, Sarasadat"]
[Black "Styazhkina, Anna"]
[Result "0-1"]
[WhiteElo "2470"]
[BlackElo "2274"]
[Annotator "ChessBase"]
[PlyCount "124"]
[EventDate "2018.12.19"]
[EventType "swiss"]
[EventCountry "RUS"]
[SourceTitle "playchess.com"]
[Source "ChessBase"]
[SourceQuality "1"]

1. d4 d5 2. c4 c6 3. Nf3 Nf6 4. e3 a6 5. Nbd2 h6 6. b3 Bf5 7. Bb2 e6 8. Be2 Be7 9. O-O O-O 10. c5 Nbd7 11. b4 Ne4 12. Nxe4 Bxe4 13. Nd2 Bg6 14. Nb3 Bf6 15. f4 a5 16. bxa5 Qc7 17. Bc3 Bd8 18. Qd2 f6 19. Bg4 Re8 20. Qb2 Qc8 21. Rae1 Bc7 22. Qe2 Qd8 23. Bh5 Bxh5 24. Qxh5 Qe7 25. e4 dxe4 26. Rxe4 f5 27. Re2 Nf6 28. Qf3 Ne4 29. Rb2 Qd7 30. Bd2 Bd8 31. Be3 Bf6 32. Rfb1 Qd5 33. Qf1 Re7 34. Qe1 Rd7 35. Qb4 Kh7 36. Rd1 g5 37. Qe1 g4 38. Nc1 h5 39. Ne2 h4 40. Rdb1 Ra7 41. a6 bxa6 42. Qa5 g3 43. h3 Rg7 44. Rb6 Qd7 45. Rxa6 Rxa6 46. Qxa6 Be7 47. Rb7 Qd5 48. Qa4 Bf6 49. Rxg7+ Bxg7 50. Qb3 Qd7 51. a4 Nf6 52. Nc3 Nd5 53. Nxd5 exd5 54. a5 Qa7 55. Qb6 Qe7 56. Qb3 Bxd4 57. a6 Bxe3+ 58. Kf1 Bxc5 59. Qc2 Kg6 60. Qe2 Qxe2+ 61. Kxe2 Ba7 62. Kd3 c5 0-1

[Event "FIDE World Blitz-ch Women 2018"]
[Site "St. Petersburg"]
[Date "2018.12.29"]
[Round "1.26"]
[White "Molchanova, Tatjana"]
[Black "Abdumalik, Zhansaya"]
[Result "1-0"]
[WhiteElo "2245"]
[BlackElo "2470"]
[Annotator "TA"]
[PlyCount "117"]
[EventDate "2018.12.19"]
[EventType "swiss"]
[EventCountry "RUS"]
[SourceTitle "playchess.com"]
[Source "ChessBase"]
[SourceQuality "1"]

1. e4 c5 2. Nf3 e6 3. d3 d5 4. Nbd2 Nc6 5. g3 g6 6. Bg2 Bg7 7. O-O Nge7 8. Re1 O-O 9. c3 b5 10. h4 h6 11. Nh2 Bb7 12. Ndf1 f5 13. exf5 exf5 14. Nf3 b4 15. Qc2 Rc8 16. Bf4 Qa5 17. c4 Qd8 18. Re6 Kh7 19. Rae1 Rf6 20. Qe2 Rxe6 21. Qxe6 dxc4 22. dxc4 Qg8 23. Qd7 Ba6 24. h5 Rd8 25. hxg6+ Kh8 26. Qc7 Bxc4 27. Rxe7 Nxe7 28. Qxe7 Bxa2 29. Ne5 Re8 30. Nf7+ Bxf7 31. Qxf7 Qxf7 32. gxf7 Rd8 33. b3 c4 34. bxc4 b3 35. Bh3 b2 36. Bxf5 Rf8 37. c5 Rxf7 38. Bd3 Rf6 39. Be3 a5 40. Nd2 a4 41. Nb1 Rc6 42. Be4 Re6 43. Bf5 Re5 44. Bc2 Rd5 45. Bxa4 Rd3 46. Bc2 Rd8 47. c6 Rd6 48. Be4 Be5 49. Kg2 Rd1 50. Bf4 Bxf4 51. gxf4 Rc1 52. f5 Kg7 53. Kf3 Kf6 54. Nd2 h5 55. Bd3 Rc3 56. Ne4+ Kxf5 57. Nxc3+ Ke6 58. Nb1 Kd6 59. Be4 1-0

[Event "FIDE World Blitz-ch Women 2018"]
[Site "St. Petersburg"]
[Date "2018.12.29"]
[Round "1.27"]
[White "Zhukova, Natalia"]
[Black "Garcia Martin, Marta"]
[Result "0-1"]
[WhiteElo "2377"]
[BlackElo "2301"]
[Annotator "NA"]
[PlyCount "46"]
[EventDate "2018.12.19"]
[EventType "swiss"]
[EventCountry "RUS"]
[SourceTitle "playchess.com"]
[Source "ChessBase"]
[SourceQuality "1"]

1. c4 e6 2. Nc3 d5 3. d4 a6 4. cxd5 exd5 5. Qb3 c5 6. Qxd5 cxd4 7. Qxd8+ Kxd8 8. Nd5 Bc5 9. Bf4 Nc6 10. Rc1 Ba7 11. Nf3 Nge7 12. Nc7 Rb8 13. Ne5 Nxe5 14. Bxe5 Nc6 15. Bg3 Bd7 16. Nd5 Rc8 17. Bh4+ Ke8 18. g3 f6 19. f4 h6 20. Bxf6 gxf6 21. Nxf6+ Ke7 22. Nd5+ Kd6 23. Bg2 Rhe8 0-1

[Event "FIDE World Blitz-ch Women 2018"]
[Site "St. Petersburg"]
[Date "2018.12.29"]
[Round "1.28"]
[White "Paramzina, Anastasya"]
[Black "Bodnaruk, Anastasia"]
[Result "0-1"]
[WhiteElo "2229"]
[BlackElo "2420"]
[Annotator "TA"]
[PlyCount "64"]
[EventDate "2018.12.19"]
[EventType "swiss"]
[EventCountry "RUS"]
[SourceTitle "playchess.com"]
[Source "ChessBase"]
[SourceQuality "1"]

1. e4 c5 2. Nf3 d6 3. d4 cxd4 4. Nxd4 Nf6 5. Nc3 a6 6. Be3 e5 7. Nf3 Qc7 8. Bg5 Nbd7 9. a4 b6 10. Nd2 Bb7 11. Bc4 Be7 12. O-O O-O 13. Qe2 h6 14. Bxf6 Nxf6 15. Rfd1 Rfd8 16. Nf1 Qc5 17. Kh1 d5 18. exd5 Nxd5 19. Nxd5 Bxd5 20. Bxd5 Rxd5 21. Rxd5 Qxd5 22. Ne3 Qc6 23. b3 Bc5 24. Nc4 f6 25. Rd1 b5 26. axb5 axb5 27. Ne3 Bxe3 28. fxe3 Ra2 29. Rc1 b4 30. h3 Kh7 31. Qd3+ g6 32. c4 Qxg2# 0-1

[Event "FIDE World Blitz-ch Women 2018"]
[Site "St. Petersburg"]
[Date "2018.12.29"]
[Round "1.29"]
[White "Paehtz, Elisabeth"]
[Black "Belenkaya, Dina"]
[Result "1-0"]
[WhiteElo "2487"]
[BlackElo "2338"]
[Annotator "ChessBase"]
[PlyCount "67"]
[EventDate "2018.12.19"]
[EventType "swiss"]
[EventCountry "RUS"]
[SourceTitle "playchess.com"]
[Source "ChessBase"]
[SourceQuality "1"]

1. d4 d5 2. Bf4 Nf6 3. e3 e6 4. Nd2 c5 5. Ngf3 Nc6 6. c3 Bd6 7. Bg3 O-O 8. Bd3 b6 9. e4 Be7 10. e5 Nh5 11. a3 g6 12. Qe2 a5 13. Qe3 Ba6 14. Bxa6 Rxa6 15. O-O a4 16. Rfe1 Na5 17. Qd3 Ra7 18. Nf1 Nb3 19. Rad1 Rc7 20. Ne3 cxd4 21. Nxd4 Nc5 22. Qc2 Qc8 23. Ng4 Kh8 24. f3 Nxg3 25. hxg3 Qa6 26. Qd2 Rfc8 27. Nf6 Nd7 28. Ng4 Rc4 29. Qf4 Kg8 30. Nh6+ Kg7 31. Qxf7+ Kxh6 32. Kf2 Rxd4 33. Rxd4 Rc4 34. Rh1+ 1-0

[Event "FIDE World Blitz-ch Women 2018"]
[Site "St. Petersburg"]
[Date "2018.12.29"]
[Round "1.30"]
[White "Sirotkina, Nina"]
[Black "Girya, Olga"]
[Result "1/2-1/2"]
[WhiteElo "2188"]
[BlackElo "2454"]
[Annotator "ChessBase"]
[PlyCount "136"]
[EventDate "2018.12.19"]
[EventType "swiss"]
[EventCountry "RUS"]
[SourceTitle "playchess.com"]
[Source "ChessBase"]
[SourceQuality "1"]

1. d4 d5 2. Bf4 c5 3. e3 cxd4 4. exd4 Nc6 5. c3 Bf5 6. Qb3 Qd7 7. Nf3 f6 8. Nbd2 e6 9. h3 g5 10. Bg3 h5 11. Be2 Nge7 12. O-O Ng6 13. c4 Nge7 14. cxd5 Nxd5 15. Bb5 a6 16. Bc4 b5 17. Bxd5 Qxd5 18. Qe3 Kf7 19. Rac1 Be7 20. Nb3 Rac8 21. Nc5 a5 22. Rfe1 Nb4 23. Red1 Qd8 24. a3 Nd5 25. Qe1 Qb6 26. Ne4 h4 27. Bh2 Qa6 28. Nexg5+ fxg5 29. Ne5+ Kg7 30. Nf3 Rxc1 31. Rxc1 Rc8 32. Be5+ Kg6 33. Rd1 Qc6 34. Qxa5 Qc2 35. Re1 Qxb2 36. Qa7 Rc1 37. Rxc1 Qxc1+ 38. Kh2 Qc2 39. Kg1 Qd1+ 40. Kh2 Qe2 41. Nxg5 Kxg5 42. Qb8 Qxf2 43. Qg8+ Bg6 44. Qxe6 Qf5 45. Qxd5 Bf6 46. Qd6 Bxe5+ 47. dxe5 Qf4+ 48. Kg1 Qe3+ 49. Kh2 Qf4+ 50. Kg1 Qf7 51. Qd2+ Kh5 52. Qe2+ Kh6 53. Qxb5 Be4 54. Qe2 Qg6 55. Qe3+ Kg7 56. Qe2 Bd5 57. a4 Qb1+ 58. Kh2 Qg6 59. a5 Kf7 60. a6 Qb6 61. Qh5+ Kf8 62. Qh8+ Kf7 63. Qh7+ Kf8 64. Qh8+ Kf7 65. Qf6+ Qxf6 66. exf6 Kxf6 67. g3 hxg3+ 68. Kxg3 Kf5 1/2-1/2

[Event "FIDE World Blitz-ch Women 2018"]
[Site "St. Petersburg"]
[Date "2018.12.29"]
[Round "1.31"]
[White "Javakhishvili, Lela"]
[Black "Garifullina, Leya"]
[Result "0-1"]
[WhiteElo "2464"]
[BlackElo "2132"]
[Annotator "TA"]
[PlyCount "75"]
[EventDate "2018.12.19"]
[EventType "swiss"]
[EventCountry "RUS"]
[SourceTitle "playchess.com"]
[Source "ChessBase"]
[SourceQuality "1"]

1. d4 Nf6 2. c4 e6 3. Nf3 d5 4. g3 Be7 5. Bg2 O-O 6. O-O Nbd7 7. b3 c6 8. Bb2 b6 9. Nc3 Bb7 10. Qc2 c5 11. cxd5 Nxd5 12. Nxd5 Bxd5 13. e4 Bb7 14. Rfd1 cxd4 15. Nxd4 Rc8 16. Qe2 a6 17. Rd2 Bb4 18. Rdd1 Qe7 19. a3 Bc3 20. Rac1 Bxb2 21. Qxb2 Nc5 22. Qe2 Rfd8 23. b4 Na4 24. Qe3 b5 25. Nb3 Nb2 26. Rxd8+ Rxd8 27. Nc5 Nc4 28. Qc3 h6 29. h4 Bc6 30. a4 Qa7 31. a5 Qa8 32. Kh2 Rd2 33. Qf3 Rb2 34. Qf4 Rxb4 35. Qc7 Rb2 36. Rd1 Rd2 37. Rxd2 Nxd2 38. Nd3 0-1

[Event "FIDE World Blitz-ch Women 2018"]
[Site "St. Petersburg"]
[Date "2018.12.29"]
[Round "1.32"]
[White "Tsolakidou, Stavroula"]
[Black "Khotenashvili, Bela"]
[Result "1-0"]
[WhiteElo "2387"]
[BlackElo "2479"]
[Annotator "ChessBase"]
[PlyCount "139"]
[EventDate "2018.12.19"]
[EventType "swiss"]
[EventCountry "RUS"]
[SourceTitle "playchess.com"]
[Source "ChessBase"]
[SourceQuality "1"]

1. Nf3 g6 2. d4 Bg7 3. c3 Nf6 4. Bg5 d5 5. Nbd2 O-O 6. e3 Nbd7 7. Be2 Re8 8. O-O e5 9. h3 c6 10. b4 a5 11. b5 a4 12. Rc1 Qa5 13. bxc6 bxc6 14. c4 exd4 15. Nxd4 c5 16. N4f3 Ne4 17. Nxe4 dxe4 18. Nd2 Ra6 19. Nb1 Ne5 20. Nc3 Nd3 21. Bxd3 Bxc3 22. Be2 Be5 23. Qc2 Bb7 24. Rfd1 Bc6 25. Rb1 Kg7 26. Bf4 Bxf4 27. exf4 a3 28. Qc1 Rb6 29. Qe3 Rb2 30. Rxb2 axb2 31. Qb3 e3 32. Qxb2+ Kg8 33. fxe3 Rxe3 34. Bf1 Re8 35. Rd6 Be4 36. Rd1 Qa4 37. Qd2 Bf5 38. Re1 Ra8 39. Re5 Qa5 40. Re8+ Kg7 41. Qb2+ Kh6 42. Rxa8 Qxa8 43. Qb3 Kg7 44. a4 Qa5 45. Qb2+ f6 46. Qb7+ Kh6 47. Qe7 Qc3 48. Qf8+ Kh5 49. Qxc5 Kh6 50. Qf8+ Kh5 51. g4+ Bxg4 52. hxg4+ Kxg4 53. Qc8+ f5 54. Qc6 Qe3+ 55. Kh1 Kxf4 56. a5 Kg5 57. a6 Qe1 58. Qg2+ Kf6 59. a7 Qh4+ 60. Kg1 Qd4+ 61. Qf2 Qg4+ 62. Bg2 Qd1+ 63. Kh2 Qd6+ 64. Kh3 Qd3+ 65. Bf3 g5 66. a8=Q g4+ 67. Kg2 gxf3+ 68. Qaxf3 Qxc4 69. Qxf5+ Kg7 70. Qf6+ 1-0

[Event "FIDE World Blitz-ch Women 2018"]
[Site "St. Petersburg"]
[Date "2018.12.29"]
[Round "1.33"]
[White "Strutinskaia, Galina"]
[Black "Geller, Anastasiya"]
[Result "1-0"]
[WhiteElo "2201"]
[BlackElo "2187"]
[Annotator "NA"]
[PlyCount "129"]
[EventDate "2018.12.19"]
[EventType "swiss"]
[EventCountry "RUS"]
[SourceTitle "playchess.com"]
[Source "ChessBase"]
[SourceQuality "1"]

1. d4 Nf6 2. c4 e6 3. Nc3 Bb4 4. Bd2 d5 5. Qa4+ Nc6 6. e3 O-O 7. Nf3 Be7 8. a3 Bd7 9. Qc2 dxc4 10. Bxc4 Na5 11. Bd3 c5 12. dxc5 b6 13. b4 Nb7 14. cxb6 axb6 15. O-O h6 16. Ne5 Be8 17. Rfd1 Nd6 18. Be1 Rc8 19. Qe2 Qc7 20. Rdc1 Qa7 21. a4 Nf5 22. Bb5 Qb8 23. Nd3 Nd5 24. Nxd5 exd5 25. Bxe8 Rfxe8 26. Qg4 g6 27. h3 Bf6 28. Rab1 Qa8 29. Nf4 Kh7 30. a5 bxa5 31. bxa5 d4 32. exd4 Nxd4 33. Rxc8 Rxc8 34. Nd5 Bg7 35. Nb6 Rb8 36. Nxa8 Rxb1 37. Qe4 Nc2 38. Qxc2 Rxe1+ 39. Kh2 Be5+ 40. g3 Ra1 41. Qe2 Rxa5 42. Nb6 Rb5 43. Nc4 Bg7 44. Nd6 Rb2 45. Qf3 f5 46. Nc4 Rc2 47. Ne3 Rb2 48. Kg2 Bd4 49. Qf4 Bxe3 50. Qxe3 Rb7 51. Qc5 Rd7 52. h4 h5 53. Qc6 Re7 54. Qf6 Re4 55. f3 Re2+ 56. Kf1 Rh2 57. Ke1 Rg2 58. Qe7+ Kh6 59. Qe3+ Kh7 60. Qf4 Rh2 61. Kf1 Kg7 62. g4 Rxh4 63. Qe5+ Kg8 64. Qe8+ Kg7 65. Qe7+ 1-0

[Event "FIDE World Blitz-ch Women 2018"]
[Site "St. Petersburg"]
[Date "2018.12.29"]
[Round "1.34"]
[White "Dumcheva, Julia"]
[Black "Mkrtchian, Lilit"]
[Result "1-0"]
[WhiteElo "2168"]
[BlackElo "2392"]
[Annotator "NA"]
[PlyCount "93"]
[EventDate "2018.12.19"]
[EventType "swiss"]
[EventCountry "RUS"]
[SourceTitle "playchess.com"]
[Source "ChessBase"]
[SourceQuality "1"]

1. e4 e6 2. d4 d5 3. Nc3 Bb4 4. e5 Qd7 5. a3 Bxc3+ 6. bxc3 b6 7. h4 Ne7 8. h5 h6 9. Nf3 Ba6 10. Bxa6 Nxa6 11. a4 Nb8 12. Be3 Nbc6 13. O-O Nf5 14. Bf4 g5 15. hxg6 fxg6 16. Qd3 g5 17. Bh2 Na5 18. g4 Ne7 19. Nd2 O-O-O 20. Qa6+ Kb8 21. Rfb1 Nec6 22. Nb3 Ka8 23. Bg3 h5 24. gxh5 Qh7 25. Qe2 Qf5 26. Kg2 g4 27. Rh1 Rxh5 28. Rxh5 Qxh5 29. Rh1 Qf5 30. Rh4 Rg8 31. Nxa5 Nxa5 32. Qd3 Qxd3 33. cxd3 Rg6 34. Rh7 Kb7 35. Bh4 Kc8 36. Kg3 Nb3 37. Bf6 Nc1 38. Re7 Ne2+ 39. Kg2 Nf4+ 40. Kh2 Nxd3 41. Rxe6 Nxf2 42. Re8+ Kb7 43. Kg2 Ne4 44. Bh4 Kc6 45. e6 Kd6 46. e7 Kc6 47. Rd8 1-0

[Event "FIDE World Blitz-ch Women 2018"]
[Site "St. Petersburg"]
[Date "2018.12.29"]
[Round "1.35"]
[White "Voit, Daria"]
[Black "Goltseva, Ekaterina"]
[Result "1-0"]
[WhiteElo "2358"]
[BlackElo "2153"]
[Annotator "NA"]
[PlyCount "64"]
[EventDate "2018.12.19"]
[EventType "swiss"]
[EventCountry "RUS"]
[SourceTitle "playchess.com"]
[Source "ChessBase"]
[SourceQuality "1"]

1. Nf3 d5 2. c4 dxc4 3. e3 Nf6 4. Bxc4 e6 5. O-O c5 6. d4 cxd4 7. Nxd4 a6 8. Qf3 Be7 9. Rd1 Qc7 10. b3 O-O 11. Bb2 Bd7 12. Nd2 Nc6 13. Rac1 Nxd4 14. Bxd4 Bc6 15. Qe2 Ba3 16. Rc2 Rac8 17. Bd3 Be7 18. Nc4 Qb8 19. Be5 Qa7 20. Rdc1 Bd5 21. Bd4 Qb8 22. Nb6 Rxc2 23. Qxc2 h6 24. Qb2 Rd8 25. h3 Bc6 26. Bb1 Nd5 27. Nxd5 Rxd5 28. Be4 Ra5 29. Bxc6 bxc6 30. Rxc6 Rg5 31. Qc2 Qb5 32. Rc8+ Bf8 1-0

[Event "FIDE World Blitz-ch Women 2018"]
[Site "St. Petersburg"]
[Date "2018.12.29"]
[Round "1.37"]
[White "Charochkina, Daria"]
[Black "Shafigullina, Zarina"]
[Result "0-1"]
[WhiteElo "2344"]
[BlackElo "2140"]
[Annotator "NA"]
[PlyCount "83"]
[EventDate "2018.12.19"]
[EventType "swiss"]
[EventCountry "RUS"]
[SourceTitle "playchess.com"]
[Source "ChessBase"]
[SourceQuality "1"]

1. d4 Nf6 2. c4 e6 3. Nc3 Bb4 4. Qc2 c5 5. dxc5 Na6 6. a3 Bxc3+ 7. Qxc3 Nxc5 8. b4 Nce4 9. Qb2 d5 10. e3 O-O 11. Nh3 Qc7 12. f3 Nd6 13. c5 Nf5 14. Bd3 e5 15. O-O e4 16. Be2 exf3 17. Bxf3 Ne4 18. Nf4 Be6 19. Nxe6 fxe6 20. Bxe4 dxe4 21. Qb3 Qe5 22. Bb2 Qd5 23. Qc3 e5 24. Rad1 Qe6 25. Rf2 Rad8 26. Rdf1 g6 27. Qxe5 Qxe5 28. Bxe5 Nxe3 29. Rxf8+ Rxf8 30. Re1 Nc4 31. Rxe4 Nxa3 32. Bd6 Rf7 33. h4 Nb5 34. Re8+ Kg7 35. Be5+ Kh6 36. Rb8 a6 37. g3 Na3 38. Bf4+ Kh5 39. Re8 h6 40. Kg2 Nc4 41. Re4 b5 42. cxb6 0-1

[Event "FIDE World Blitz-ch Women 2018"]
[Site "St. Petersburg"]
[Date "2018.12.29"]
[Round "1.38"]
[White "Ovod, Evgenija"]
[Black "Batsiashvili, Nino"]
[Result "1-0"]
[WhiteElo "2367"]
[BlackElo "2459"]
[Annotator "TA"]
[PlyCount "56"]
[EventDate "2018.12.19"]
[EventType "swiss"]
[EventCountry "RUS"]
[SourceTitle "playchess.com"]
[Source "ChessBase"]
[SourceQuality "1"]

1. e4 c6 2. d4 d5 3. exd5 cxd5 4. Bd3 Nc6 5. c3 Qc7 6. Ne2 Bg4 7. O-O e6 8. Qe1 Nf6 9. Bg5 Bd6 10. f3 Bh5 11. Bxf6 gxf6 12. f4 Bxe2 13. Qxe2 O-O-O 14. Qf3 Kb8 15. Nd2 e5 16. fxe5 fxe5 17. Qxf7 e4 18. Qxc7+ Bxc7 19. Be2 Rd7 20. Rf5 Ne7 21. Rf7 Kc8 22. Bg4 Rg8 23. Bxd7+ Kxd7 24. Rxh7 Bf4 25. Nf1 Ke6 26. Re1 b5 27. Ne3 a5 28. Rxe7+ Kxe7 1-0

[Event "FIDE World Blitz-ch Women 2018"]
[Site "St. Petersburg"]
[Date "2018.12.29"]
[Round "1.39"]
[White "Vo, Thi Kim Phung"]
[Black "Stetsko, Lanita"]
[Result "1-0"]
[WhiteElo "2352"]
[BlackElo "2194"]
[Annotator "NA"]
[PlyCount "83"]
[EventDate "2018.12.19"]
[EventType "swiss"]
[EventCountry "RUS"]
[SourceTitle "playchess.com"]
[Source "ChessBase"]
[SourceQuality "1"]

1. d4 Nf6 2. c4 e6 3. Nc3 Bb4 4. Qc2 b6 5. f3 Bb7 6. e4 d6 7. Bd3 Nc6 8. Nge2 e5 9. Be3 exd4 10. Nxd4 Nxd4 11. Bxd4 Qe7 12. a3 Bc5 13. Ne2 Bxd4 14. Nxd4 Nd7 15. Be2 O-O 16. Nf5 Qf6 17. O-O g6 18. Ne3 Qd4 19. Qc1 Nc5 20. Rd1 Qe5 21. Qc2 Rae8 22. Ng4 Qg7 23. b4 Ne6 24. Qd2 f5 25. exf5 Rxf5 26. Bd3 Rf7 27. Re1 Rfe7 28. Rad1 c5 29. Bf1 Nd4 30. Rxe7 Qxe7 31. Nh6+ Kg7 32. Ng4 Kg8 33. Nh6+ Kg7 34. Ng4 Bxf3 35. Qh6+ Kg8 36. gxf3 Nxf3+ 37. Kf2 Rf8 38. Kg3 Ne5 39. Be2 Nf7 40. Qe3 Qd7 41. Nf6+ Kg7 42. Nxd7 1-0

[Event "FIDE World Blitz-ch Women 2018"]
[Site "St. Petersburg"]
[Date "2018.12.29"]
[Round "1.40"]
[White "Tevzadze, Mariam"]
[Black "Gaponenko, Inna"]
[Result "0-1"]
[WhiteElo "1967"]
[BlackElo "2420"]
[Annotator "NA"]
[PlyCount "52"]
[EventDate "2018.12.19"]
[EventType "swiss"]
[EventCountry "RUS"]
[SourceTitle "playchess.com"]
[Source "ChessBase"]
[SourceQuality "1"]

1. d4 d6 2. Nf3 g6 3. Bf4 Bg7 4. c3 Nd7 5. e3 e5 6. Bg3 Nh6 7. h3 Nf5 8. Bh2 O-O 9. Nbd2 Re8 10. Nb3 a5 11. a4 b6 12. Be2 Bb7 13. O-O c5 14. dxc5 Nxc5 15. Nxc5 dxc5 16. Qb3 Qc7 17. Rfd1 Red8 18. Rxd8+ Rxd8 19. Rd1 h6 20. Rxd8+ Qxd8 21. Nxe5 Bxe5 22. Bxe5 Nh4 23. Bf1 Bd5 24. Qd1 Qa8 25. f3 Bxf3 26. Bf6 Bxd1 0-1

[Event "FIDE World Blitz-ch Women 2018"]
[Site "St. Petersburg"]
[Date "2018.12.29"]
[Round "1.41"]
[White "Mammadova, Gulnar"]
[Black "Fominykh, Maria"]
[Result "1-0"]
[WhiteElo "2368"]
[BlackElo "2259"]
[Annotator "NA"]
[PlyCount "67"]
[EventDate "2018.12.19"]
[EventType "swiss"]
[EventCountry "RUS"]
[SourceTitle "playchess.com"]
[Source "ChessBase"]
[SourceQuality "1"]

1. e4 e6 2. Qe2 b6 3. Nc3 Bb7 4. d4 Be7 5. Nf3 d5 6. exd5 exd5 7. Bf4 Nf6 8. O-O-O O-O 9. Ne5 c5 10. Be3 c4 11. g4 b5 12. Bg2 b4 13. Nb1 Qa5 14. g5 Nfd7 15. Nxc4 Qxa2 16. Ne5 Nb6 17. Qd3 Rc8 18. Bh3 Rc7 19. Rde1 Na4 20. Kd2 Qxb2 21. Rc1 Na6 22. Ke2 Bf8 23. Nd2 Nc3+ 24. Kf3 Ne4 25. Kg2 Rc3 26. Qe2 Rxc2 27. Rxc2 Qxc2 28. Bf5 g6 29. Bxe4 dxe4 30. Qb5 Rb8 31. Qd7 Qa2 32. Ndc4 Bd5 33. Qxd5 Rb7 34. Qxb7 1-0

[Event "FIDE World Blitz-ch Women 2018"]
[Site "St. Petersburg"]
[Date "2018.12.29"]
[Round "1.42"]
[White "Semenova, Elena"]
[Black "Dordzhieva, Dinara"]
[Result "0-1"]
[WhiteElo "2260"]
[BlackElo "2340"]
[Annotator "NA"]
[PlyCount "68"]
[EventDate "2018.12.19"]
[EventType "swiss"]
[EventCountry "RUS"]
[SourceTitle "playchess.com"]
[Source "ChessBase"]
[SourceQuality "1"]

1. e4 c5 2. Nf3 e6 3. c3 d5 4. e5 d4 5. Bd3 Nc6 6. O-O Nge7 7. Na3 Ng6 8. Re1 Be7 9. Nc2 Nf4 10. Be4 d3 11. Bxc6+ bxc6 12. Ne3 O-O 13. b3 Ba6 14. c4 f5 15. Bb2 g5 16. Kf1 Bc8 17. Ng1 Bd7 18. g3 Ng6 19. Ng2 f4 20. g4 Be8 21. f3 Nh8 22. Nh3 Bg6 23. Nf2 Nf7 24. Ne4 Re8 25. Qc1 Qc7 26. Qc3 Rad8 27. a3 Rd4 28. Nf2 Nxe5 29. Rxe5 Qxe5 30. Re1 Qd6 31. Qc1 Bf6 32. Ne4 Bxe4 33. fxe4 f3 34. e5 fxg2+ 0-1

[Event "FIDE World Blitz-ch Women 2018"]
[Site "St. Petersburg"]
[Date "2018.12.29"]
[Round "1.43"]
[White "Arutyunova, Diana"]
[Black "Makarenko, Alexandra"]
[Result "1-0"]
[WhiteElo "2227"]
[BlackElo "2228"]
[Annotator "NA"]
[PlyCount "163"]
[EventDate "2018.12.19"]
[EventType "swiss"]
[EventCountry "RUS"]
[SourceTitle "playchess.com"]
[Source "ChessBase"]
[SourceQuality "1"]

1. e4 e5 2. Nf3 Nc6 3. Bb5 Nd4 4. Nxd4 exd4 5. Bc4 h5 6. d3 c6 7. Qf3 Qf6 8. Qxf6 Nxf6 9. Bf4 d6 10. Nd2 Be7 11. Nf3 c5 12. O-O-O Be6 13. Bb5+ Bd7 14. Bxd7+ Nxd7 15. Rhe1 f6 16. h4 Ne5 17. Bxe5 dxe5 18. a4 a6 19. Nd2 b5 20. b3 Kd7 21. Kb2 g5 22. hxg5 fxg5 23. axb5 axb5 24. Ra1 Ke6 25. Rh1 h4 26. g3 Rxa1 27. Kxa1 g4 28. gxh4 Rxh4 29. Rg1 Kf6 30. Nf1 Bd8 31. Kb2 Bc7 32. Rg2 Ba5 33. b4 Bxb4 34. Rg1 Bc3+ 35. Kb3 Be1 36. Rg2 Rh1 37. Ng3 Rh4 38. Nf5 Rh8 39. Rxg4 Bxf2 40. Nd6 Rb8 41. Rg2 Be3 42. Rg3 Bf4 43. Rh3 Kg7 44. Nf5+ Kg6 45. Rh1 Rb7 46. Rg1+ Kf6 47. Rg8 Rc7 48. Rb8 c4+ 49. Kb4 Bd2+ 50. Kxb5 cxd3 51. cxd3 Rc3 52. Rb6+ Kg5 53. Ng7 Rxd3 54. Ne6+ Kg4 55. Nc5 Rc3 56. Rg6+ Kf3 57. Rf6+ Ke3 58. Rh6 Rc1 59. Rh3+ Kf4 60. Rh4+ Kg5 61. Rh2 Rb1+ 62. Kc6 Bf4 63. Rg2+ Kf6 64. Kd5 Rd1 65. Nd7+ Ke7 66. Nxe5 Bxe5 67. Kxe5 d3 68. Rg7+ Kf8 69. Rd7 Ke8 70. Ke6 d2 71. e5 Kf8 72. Rd8+ Kg7 73. Rd5 Kf8 74. Kd6 Ke8 75. e6 Kd8 76. Rd3 Ke8 77. Rd4 Kf8 78. Kd7 Kg7 79. e7 Re1 80. Rxd2 Kf7 81. Rf2+ Kg7 82. e8=Q 1-0

[Event "FIDE World Blitz-ch Women 2018"]
[Site "St. Petersburg"]
[Date "2018.12.29"]
[Round "1.44"]
[White "Doan, Thi Van Anh"]
[Black "Murashova, Ekaterina"]
[Result "0-1"]
[WhiteElo "1950"]
[BlackElo "2259"]
[Annotator "NA"]
[PlyCount "158"]
[EventDate "2018.12.19"]
[EventType "swiss"]
[EventCountry "RUS"]
[SourceTitle "playchess.com"]
[Source "ChessBase"]
[SourceQuality "1"]

1. d4 d5 2. c4 e6 3. Nf3 Nf6 4. Bg5 Nbd7 5. e3 Be7 6. Nc3 h6 7. Bh4 O-O 8. Qc2 c5 9. cxd5 Nxd5 10. Bxe7 Qxe7 11. Nxd5 exd5 12. Be2 b6 13. O-O Bb7 14. Rac1 Rac8 15. Qf5 g6 16. Qf4 Kg7 17. h3 Qf6 18. Qg3 Rfe8 19. Bb5 Re7 20. Rfd1 c4 21. Qg4 Bc6 22. Bxc6 Rxc6 23. h4 h5 24. Qg3 b5 25. Rd2 b4 26. Rdc2 Ra6 27. b3 c3 28. Qc7 Qb6 29. Qc8 Ra3 30. g3 Qd6 31. Kg2 a5 32. Qa8 Nb6 33. Qa6 Re6 34. Ne5 Nd7 35. Qxd6 Rxd6 36. Nxd7 Rxd7 37. Kf3 Ra7 38. Kf4 Kf6 39. g4 hxg4 40. Kxg4 a4 41. bxa4 R7xa4 42. Rb1 Rxa2 43. Rxa2 Rxa2 44. Rxb4 Rxf2 45. Rb6+ Kg7 46. Rc6 c2 47. Kg3 Re2 48. Kf3 Rh2 49. Kg3 Rd2 50. Kf3 Kh6 51. Rc5 f5 52. Kg3 Kh5 53. Rc7 Kh6 54. Rc6 Re2 55. Kf3 Rh2 56. Kg3 Rd2 57. Kf3 Rh2 58. Kg3 Rd2 59. Kf4 Re2 60. Kf3 Rd2 61. Kf4 Rg2 62. Ke5 Rg4 63. Rxc2 Rxh4 64. Kxd5 Re4 65. Re2 g5 66. Rf2 Kg6 67. Rf3 g4 68. Rg3 Kg5 69. Kc5 Kh4 70. Rg1 Rxe3 71. d5 g3 72. d6 Rd3 73. Rh1+ Kg4 74. Rc1 g2 75. Rc4+ f4 76. Kc6 g1=Q 77. Kc7 Qa7+ 78. Kc6 Qa6+ 79. Kc7 Qxc4+ 0-1